Images A-Z Ending with E - Statistics

General Stats
  • This quiz has been taken 128 times
  • The average score is 16 of 26
Answer Stats
Picture Answer % Correct
Eagle
95%
Dice
93%
Bike
91%
Tongue
90%
Juice
89%
Karate
89%
Neptune
86%
Whale
85%
Gnome
84%
Cabbage
81%
Olive
80%
Snowflake
73%
Hurricane
71%
Icicle
69%
Xylophone
68%
Umpire
61%
Zimbabwe
49%
Quiche
48%
Fudge
46%
Luge
45%
Magpie
38%
Pebble
36%
Arcade
24%
Yoke
19%
Voltage
14%
Rouble
6%
No matching quizzes found
Score Distribution
Percent of People with Each Score
Percentile by Number Answered
Your Score History
You have not taken this quiz